Sports Quiz

Random Sports or Baseball Quiz

HOF Hitting .300 Against Nolan Ryan Quiz Stats

 Plays Quiz not verified by Sporcle

Challenge
Share
Tweet
Embed
Score 0/13 Timer 02:00
0 Plays Today
Average (H/AB) Player % Correct
.324 (12/37)Hank Aaron
89.7%
.340 (17/50)Carl Yastrzemski
88.7%
.302 (19/63)Tony Gwynn
86.8%
.341 (14/41)Paul Molitor
86.5%
.438 (7/16)Eddie Murray
80.7%
.346 (9/26)Tony Perez
79.7%
.357 (5/14)Barry Larkin
74.3%
.301 (28/93)Rod Carew
73.3%
.300 (3/10)Al Kaline
67.2%
.300 (3/10)Luis Aparicio
31.8%
.333 (1/3)Ferguson Jenkins
22.5%
.667 (2/3)Jim Hunter
19.6%
.333 (1/3)Phil Niekro
19.3%

You're not logged in!

Compare scores with friends on all Sporcle quizzes.
Join for Free
OR
Log In

You Might Also Like...

Show Comments

Extras

Top Quizzes Today


Score Distribution

Your Account Isn't Verified!

In order to create a playlist on Sporcle, you need to verify the email address you used during registration. Go to your Sporcle Settings to finish the process.

Report this User

Report this user for behavior that violates our Community Guidelines.

Details: